KOHA-Header-6

Pakistan (Record no. 2450)

000 -LEADER
fixed length control field 00270nam a2200121Ia 4500
008 - FIXED-LENGTH DATA ELEMENTS--GENERAL INFORMATION
fixed length control field 190802s9999 xx 000 0 und d
020 ## - INTERNATIONAL STANDARD BOOK NUMBER
International Standard Book Number 978-0-857-50064-9
100 ## - MAIN ENTRY--PERSONAL NAME
Personal name Imran Khan
245 #0 - TITLE STATEMENT
Title Pakistan
260 ## - PUBLICATION, DISTRIBUTION, ETC. (IMPRINT)
Place of publication, distribution, etc London
Name of publisher, distributor, etc Bantam
Date of publication, distribution, etc 2012
300 ## - PHYSICAL DESCRIPTION
Extent 431:p
942 ## - ADDED ENTRY ELEMENTS (KOHA)
Koha item type Books
Holdings
Withdrawn status Lost status Source of classification or shelving scheme Damaged status Not for loan Collection code Permanent Location Current Location Shelving location Date acquired Total Checkouts Total Renewals Full call number Barcode Date last seen Date checked out Price effective from Koha item type
          English Literature MAJU MAJU Shelf No.A13 2019-08-03 8 1 954.91 9073 2024-05-29 2024-05-21 2019-08-03 English Literature

Powered by Koha